000 00814pam a2200217 a 4500
001 4833923
005 20250220154253.0
008 901022s1991 miu b 001 0 eng
020 _a0802805396
050 0 0 _aBT82.2
_b.M39 1991
082 0 0 _a277.3/082
_220
100 1 _aMarsden, George M.,
_d1939-
245 1 0 _aUnderstanding fundamentalism and evangelicalism /
_cGeorge M. Marsden.
260 _aGrand Rapids, Mich. :
_bW.B. Eerdmans,
_cc1991.
300 _ax, 208 p. ;
_c22 cm.
650 0 _aFundamentalism
_xHistory.
650 0 _aEvangelicalism
_zUnited States
_xHistory.
856 4 2 _3Contributor biographical information
_uhttp://www.loc.gov/catdir/enhancements/fy1606/90022212-b.html
856 4 2 _3Publisher description
_uhttp://www.loc.gov/catdir/enhancements/fy1606/90022212-d.html
942 _2lcc
_cBK
_n0
999 _c3971
_d3971